[Event "ch-ESP w 2013"]
[Site "Linares ESP"]
[Date "2013.08.24"]
[Round "8.6"]
[White "Vega Gutierrez, Belinda"]
[Black "Guadamuro Torrente, Anabel"]
[Result "1-0"]
[WhiteTitle "WIM"]
[BlackTitle "WFM"]
[WhiteElo "2148"]
[BlackElo "2195"]
[WhiteFideId "2229994"]
[BlackFideId "2266296"]
[EventDate "2013.08.19"]

1. e4 d6 2. d4 g6 3. Nc3 Bg7 4. Be3 a6 5. h4 h5 6. f3 b5 7. Qd2 Bb7 8. Nh3 Nd7
9. Ng5 Ngf6 10. Nd1 O-O 11. Nf2 e5 12. d5 Nb6 13. O-O-O Bc8 14. Qa5 Bd7 15. b3
Nc8 16. Bd2 Ne7 17. Qa3 Qb8 18. Nd3 Re8 19. Kb1 Qa7 20. Ba5 Nc8 21. Nb4 Nb6 22.
Qb2 Qb7 23. Qc3 Rac8 24. Qe3 Na8 25. g3 Bf8 26. Bh3 Bxh3 27. Rxh3 Nb6 28. Nc6
Nbd7 29. Bc3 Bg7 30. f4 Ng4 31. Qf3 f6 32. Ne6 Qb6 33. Rf1 Nf8 34. Ba5 Qb7 35.
Nxg7 Kxg7 36. f5 b4 37. fxg6 Qb5 38. Bxb4 Nxg6 39. Rhh1 Ne7 40. Nxe7 Rxe7 41.
Bd2 c6 42. Qf5 Rh8 43. dxc6 Qxc6 44. Rd1 Rc7 45. c4 Rb7 46. Rc1 Qb6 47. Rhd1 a5
48. Qe6 a4 49. Rc3 a3 50. Bc1 Qb4 51. Rf3 Rd8 52. Qd5 Rdd7 53. Bd2 Qb6 54. Bc1
Qb4 55. Bd2 Qb6 56. Bc3 Ne3 57. Qe6 Nxd1 58. Qxf6+ Kh7 59. Qf5+ Kg7 60. Qf6+ Kh7
61. Qf5+ Kg7 62. Qg5+ Kh7 63. Qxh5+ Kg7 64. Qg5+ Kh7 65. Qh5+ Kg7 66. Bd2 Rd8
67. Bh6+ Kg8 68. Qg6+ Kh8 69. Qf6+ Kh7 70. Qf5+ Kxh6 71. Qg5+ Kh7 72. Rf6 Nc3+
73. Kc2 Rg7 74. Qf5+ Kg8 75. Qe6+ Kh8 76. Rh6+ Rh7 77. Qf6+ Kg8 78. Rg6+ Rg7 79.
Qf5 Kh7 80. Rf6+ Kh8 81. Rh6+ Kg8 82. Qe6+ 1-0

[Event "ch-ESP w 2013"]
[Site "Linares ESP"]
[Date "2013.08.25"]
[Round "9.1"]
[White "Calzetta Ruiz, Monica"]
[Black "Alexandrova, Olga"]
[Result "1-0"]
[WhiteTitle "WGM"]
[BlackTitle "IM"]
[WhiteElo "2221"]
[BlackElo "2431"]
[WhiteFideId "2204185"]
[BlackFideId "14102463"]
[EventDate "2013.08.19"]

1. e4 e6 2. d4 d5 3. Nd2 c5 4. Ngf3 cxd4 5. Nxd4 Nc6 6. Bb5 Bd7 7. Nxc6 Bxc6 8.
Bxc6+ bxc6 9. O-O Nf6 10. Qe2 Be7 11. b3 O-O 12. Bb2 a5 13. a4 Qb6 14. Rad1 Rfd8
15. Kh1 Nxe4 16. Nxe4 dxe4 17. Qxe4 Rxd1 18. Rxd1 Qxf2 19. Qxc6 Rf8 20. h3 Qe2
21. Rd3 Qf1+ 22. Kh2 Qf4+ 23. Kg1 Bf6 24. Bxf6 Qxf6 25. Qc7 Qg5 26. c4 h5 27. c5
e5 28. Qd6 e4 29. Rg3 Qc1+ 30. Kh2 h4 31. Rg4 Re8 32. Qf6 Rf8 33. Rg3 Qc3 34.
Qd6 Qc1 35. Qd4 Re8 36. Qd6 Ra8 1-0

[Event "ch-ESP w 2013"]
[Site "Linares ESP"]
[Date "2013.08.25"]
[Round "9.2"]
[White "Vega Gutierrez, Sabrina"]
[Black "Hernandez Estevez, Yudania"]
[Result "1/2-1/2"]
[WhiteTitle "IM"]
[BlackTitle "WIM"]
[WhiteElo "2402"]
[BlackElo "2230"]
[WhiteFideId "2219026"]
[BlackFideId "2219344"]
[EventDate "2013.08.19"]

1. e4 e5 2. Nf3 Nf6 3. Nxe5 d6 4. Nf3 Nxe4 5. Qe2 Qe7 6. d3 Nf6 7. Nc3 Qxe2+ 8.
Bxe2 Be7 9. Nd4 O-O 10. O-O Nbd7 11. Re1 Re8 12. h3 a6 13. g4 h6 14. Bf3 Ne5 15.
Bg2 Ng6 16. Bd2 Rb8 17. a4 Bd7 18. f4 c6 19. Nf3 Bf8 20. f5 Ne5 21. a5 Nxf3+ 22.
Bxf3 g6 23. Ne4 Nxe4 24. dxe4 c5 25. Bc3 Bc6 26. Rad1 Rbd8 27. Kg2 Rd7 28. Bf6
Bg7 29. e5 d5 30. Bxg7 Kxg7 31. Rd2 d4 32. b3 Bxf3+ 33. Kxf3 Rd5 34. f6+ Kf8 35.
Kf4 Re6 36. h4 Ke8 37. Rd3 Kd7 38. c4 Rdd6 39. Re4 Rc6 40. b4 Kc8 41. bxc5 Rxc5
42. Rdxd4 Rxa5 43. Rd6 g5+ 44. hxg5 hxg5+ 45. Ke3 Rexe5 46. Rd4 Kc7 47. Kf3 Rac5
48. Ke3 a5 49. Kd3 a4 50. Kc3 Rxe4 51. Rxe4 b5 52. Re7+ Kd6 53. Rxf7 Rxc4+ 54.
Kb2 Rxg4 55. Rg7 b4 56. Ra7 Rg2+ 57. Kb1 a3 58. Ra5 Ke6 59. Ra6+ Kf7 60. Rb6
Rb2+ 61. Ka1 Rb3 62. Ka2 Rb2+ 63. Ka1 Rf2 64. Rxb4 Kxf6 65. Rb3 a2 66. Rb6+ Kf5
67. Rf6+ 1/2-1/2

[Event "ch-ESP w 2013"]
[Site "Linares ESP"]
[Date "2013.08.25"]
[Round "9.3"]
[White "Matnadze, Ana"]
[Black "Nicolas Zapata, Irene"]
[Result "1-0"]
[WhiteTitle "IM"]
[BlackTitle "WIM"]
[WhiteElo "2390"]
[BlackElo "2253"]
[WhiteFideId "13601377"]
[BlackFideId "22247270"]
[EventDate "2013.08.19"]

1. d4 d5 2. g3 c5 3. dxc5 e6 4. c4 Bxc5 5. cxd5 exd5 6. Bg2 Qb6 7. e3 Nf6 8. Ne2
Bg4 9. h3 Bh5 10. g4 Bg6 11. Nbc3 O-O 12. g5 Ne4 13. O-O Rd8 14. Nxd5 Qd6 15.
Nec3 Nxc3 16. bxc3 Nc6 17. e4 Qe6 18. Qf3 Rac8 19. Bf4 Ne5 20. Qg3 Nc4 21. Rfe1
Bd6 22. h4 Nb6 23. Bxd6 Nxd5 24. exd5 Qxd6 25. Re8+ 1-0

[Event "ch-ESP w 2013"]
[Site "Linares ESP"]
[Date "2013.08.25"]
[Round "9.5"]
[White "Perera Borrego, Mariela"]
[Black "Garcia Vicente, Nieves"]
[Result "1/2-1/2"]
[BlackTitle "WIM"]
[WhiteElo "2062"]
[BlackElo "2227"]
[WhiteFideId "22238255"]
[BlackFideId "2201542"]
[EventDate "2013.08.19"]

1. d4 Nf6 2. Nf3 d5 3. g3 e6 4. Bg2 c5 5. O-O Nc6 6. a3 Bd7 7. dxc5 Bxc5 8. b4
Be7 9. Bb2 O-O 10. Qd3 Ng4 11. e4 Bf6 12. Bxf6 Qxf6 13. Nbd2 Nce5 14. Nxe5 Nxe5
15. Qb3 Bb5 16. Rfd1 Be2 17. Re1 Ng4 18. Bf3 Qd4 19. Bxg4 Bxg4 20. Qe3 Qxe3 21.
Rxe3 Rac8 22. Rc1 d4 23. Rd3 e5 24. f3 Be6 25. c4 f6 26. a4 b6 27. Ra3 Rc7 28.
Ra2 Rfc8 29. Rac2 Bd7 30. b5 Be6 31. Kf2 Kf7 32. Ke2 Ke7 33. Kd3 Kd6 34. Nb3 g5
35. Nd2 h5 36. a5 f5 37. axb6 axb6 38. Ra1 Rb8 39. Ra6 Bc8 40. Ra1 Bd7 41. Ra6
Bc8 42. Ra1 Bd7 43. Rca2 Be6 44. Ra8 Rxa8 45. Rxa8 Rc8 46. Ra6 Rb8 47. Ra7 Bd7
48. h4 f4 49. gxf4 gxf4 50. Nb3 Bh3 51. Rh7 Bf1+ 52. Kc2 Bxc4 53. Rh6+ Be6 54.
Nd2 Rc8+ 55. Kd1 Rc5 56. Rxh5 Rxb5 57. Rh6 Rc5 58. h5 Rc8 59. Rg6 b5 60. h6 Rh8
61. Nb3 Ke7 62. Nc5 Bc4 63. Rb6 Rc8 64. h7 Rh8 65. Kd2 Kf7 66. Nd7 Rxh7 67.
Nxe5+ Kg7 68. Rb7+ Kg8 69. Rb8+ Kg7 70. Rd8 Rh2+ 71. Kd1 Rh1+ 72. Kc2 Rh2+ 73.
Kc1 Rh1+ 74. Kb2 Rh2+ 75. Kc1 Rh1+ 76. Kb2 Rh2+ 77. Kc1 Rh1+ 78. Kb2 Be2 79. Rh8
Kxh8 1/2-1/2

[Event "ch-ESP w 2013"]
[Site "Linares ESP"]
[Date "2013.08.25"]
[Round "9.6"]
[White "Cerrato Torrijos, Maria"]
[Black "Collado Barbas, Laura"]
[Result "1/2-1/2"]
[WhiteTitle "WFM"]
[BlackTitle "WFM"]
[WhiteElo "2148"]
[BlackElo "2151"]
[WhiteFideId "22202382"]
[BlackFideId "2294907"]
[EventDate "2013.08.19"]

1. g3 d5 2. Bg2 Nf6 3. d4 c6 4. Nf3 Bf5 5. O-O e6 6. Nbd2 Nbd7 7. Nh4 Bg6 8.
Nxg6 hxg6 9. e4 dxe4 10. Nxe4 Nxe4 11. Bxe4 Nf6 12. Bg2 Bd6 13. c3 Qc7 14. Bg5
Nh7 15. Qd2 Nxg5 16. Qxg5 O-O 17. Rad1 Rad8 18. Rfe1 Be7 19. Qg4 Bf6 20. Re2 Qa5
21. a3 Rd6 22. Red2 Rfd8 23. Qe2 Qh5 24. Bf3 Qa5 25. Kg2 Qc7 26. Rd3 b6 27. Qe4
Qd7 28. Be2 Qc7 29. Bf3 Qd7 30. Be2 Qc7 31. Bf3 Qd7 1/2-1/2